[Event "POL-chT3 Wielkopolskie 1415"]
[Site "Poland"]
[Date "2014.11.30"]
[Round "1.29"]
[White "Kaminski, Piotr1111"]
[Black "Cybulski, Maciej"]
[Result "1-0"]
[WhiteElo "1821"]
[BlackElo "1660"]
[PlyCount "93"]
[EventDate "2014.11.30"]
[EventType "team-tourn"]
[EventRounds "11"]
[EventCountry "POL"]
[SourceTitle "EXT 2019"]
[Source "ChessBase"]
[SourceDate "2018.10.10"]
[SourceVersion "1"]
[SourceVersionDate "2018.10.10"]
[SourceQuality "1"]

1. e4 c5 2. Nf3 Nc6 3. Bb5 e6 4. Bxc6 bxc6 5. 0-0 d5 6. d3 Qc7 7. Re1 Nf6 8. e5 Nd7 9. c4 Be7 10. Nc3 Rb8 11. b3 0-0 12. Na4 Re8 13. Ba3 Ba6 14. Rc1 Qa5 15. Qd2 Qxd2 16. Nxd2 Bg5 17. Rc2 Be7 18. f4 Rbc8 19. Nf3 Rc7 20. Kf2 h5 21. Ke2 Bf8 22. Rec1 Rec8 23. g3 Bb7 24. h3 g6 25. Ke3 Ba6 26. g4 f6 27. Rg1 fxe5 28. Nxe5 Nxe5 29. fxe5 hxg4 30. hxg4 Rh7 31. Bxc5 Rh3+ 32. Kd2 Bg7 33. Bd6 dxc4 34. dxc4 Rd8 35. Kc1 Re3 36. Be7 Rd7 37. Bf6 Bc8 38. Nc5 Rf7 39. g5 Rh3 40. Rd2 Bxf6 41. gxf6 Kh7 42. Rd8 Bb7 43. Rb8 Ba6 44. Nxa6 Rd7 45. Nc5 Rd4 46. Nxe6 Re4 47. Ng5+ 1-0

[Event "POL-chT 3rd League Wielkopolska 12/13"]
[Site "Poznan"]
[Date "2013.02.03"]
[Round "6.17"]
[White "Zielinski, Tadeusz"]
[Black "Cybulski, Maciej"]
[Result "1/2-1/2"]
[WhiteElo "1712"]
[BlackElo "1684"]
[PlyCount "49"]
[EventDate "2012.11.25"]
[EventType "team-tourn"]
[EventRounds "11"]
[EventCountry "POL"]
[SourceTitle "EXT 2014"]
[Source "ChessBase"]
[SourceDate "2013.11.20"]
[SourceVersion "1"]
[SourceVersionDate "2013.11.20"]
[SourceQuality "1"]
[WhiteTeam "Poznan Lech"]
[BlackTeam "Trzcianka MKS przy MDK"]
[WhiteTeamCountry "POL"]
[BlackTeamCountry "POL"]

1. e4 c5 2. Nc3 e6 3. Bc4 Nc6 4. a4 b6 5. Nf3 Qc7 6. d3 Nf6 7. Bg5 Be7 8. 0-0 0-0 9. Re1 h6 10. Bh4 d6 11. Bg3 Nh5 12. Nb5 Qd8 13. Nc3 Bb7 14. Nd2 Nxg3 15. hxg3 Re8 16. Nf3 Nb4 17. Qd2 d5 18. exd5 Nxd5 19. Bb5 Rf8 20. Ne4 Rc8 21. Bc4 a5 22. Qe2 Re8 23. Bb5 Rf8 24. Bc4 Re8 25. Bb5 1/2-1/2

[Event "Kowalewo Pomorskie op-B 17th"]
[Site "Kowalewo Pomorskie"]
[Date "2010.07.09"]
[Round "7"]
[White "Kotlewski, Lukasz"]
[Black "Cybulski, Maciej"]
[Result "1-0"]
[WhiteElo "1657"]
[BlackElo "1682"]
[PlyCount "63"]
[EventDate "2010.07.04"]
[EventType "swiss"]
[EventRounds "9"]
[EventCountry "POL"]
[SourceTitle "EXT 2011"]
[Source "ChessBase"]
[SourceDate "2010.11.26"]
[SourceVersion "1"]
[SourceVersionDate "2010.11.26"]
[SourceQuality "1"]

1. e4 c5 2. Nf3 Nc6 3. d4 cxd4 4. Nxd4 e6 5. Nb5 a6 6. Nd6+ Bxd6 7. Qxd6 Qe7 8. Qg3 Qf6 9. Nc3 b5 10. a3 h6 11. Bd3 Nge7 12. Rb1 Qg6 13. Qh3 Bb7 14. e5 f5 15. exf6 Qxf6 16. Ne4 Qe5 17. Qg4 0-0-0 18. Bf4 Qd5 19. Nd6+ Kb8 20. Nxb5+ e5 21. Nc3 Qf7 22. Be3 d5 23. Bb6 Rdf8 24. 0-0 d4 25. Ne4 Nc8 26. Bc5 Rd8 27. Qe2 N6a7 28. Bxa6 Bc6 29. b4 Qd5 30. f3 g5 31. b5 Ba8 32. b6 1-0

[Event "Kowalewo Pomorskie op-B 17th"]
[Site "Kowalewo Pomorskie"]
[Date "2010.07.04"]
[Round "1"]
[White "Dobrowolski, Marcin"]
[Black "Cybulski, Maciej"]
[Result "1-0"]
[WhiteElo "1964"]
[BlackElo "1682"]
[PlyCount "35"]
[EventDate "2010.07.04"]
[EventType "swiss"]
[EventRounds "9"]
[EventCountry "POL"]
[SourceTitle "EXT 2011"]
[Source "ChessBase"]
[SourceDate "2010.11.26"]
[SourceVersion "1"]
[SourceVersionDate "2010.11.26"]
[SourceQuality "1"]

1. d4 Nf6 2. c4 e6 3. Nf3 b6 4. e3 Bb7 5. Bd3 Na6 6. Nc3 Nb4 7. Bb1 c5 8. 0-0 Qc7 9. a3 cxd4 10. exd4 Na6 11. Ne5 d6 12. Qa4+ Nd7 13. Nb5 Qc8 14. Nxd7 Qxd7 15. Bf4 e5 16. Bf5 Qc6 17. Be4 d5 18. Bxd5 1-0

[Event "Rewal op-B 14th"]
[Site "Rewal"]
[Date "2009.08.22"]
[Round "3"]
[White "Cybulski, Maciej"]
[Black "Botor, Michalina"]
[Result "1/2-1/2"]
[WhiteElo "1671"]
[BlackElo "1815"]
[PlyCount "31"]
[EventDate "2009.08.20"]
[EventType "swiss"]
[EventRounds "9"]
[EventCountry "POL"]
[SourceTitle "EXT 2011"]
[Source "ChessBase"]
[SourceDate "2010.11.26"]
[SourceVersion "1"]
[SourceVersionDate "2010.11.26"]
[SourceQuality "1"]

1. Nf3 d5 2. c4 e6 3. d3 Nf6 4. g3 c6 5. Nbd2 Nbd7 6. Bg2 Bd6 7. 0-0 0-0 8. b3 Re8 9. Bb2 Nf8 10. Rc1 e5 11. Rc2 Bf5 12. Nh4 Qd7 13. Qa1 Bh3 14. Nhf3 Ng6 15. cxd5 cxd5 16. Rfc1 1/2-1/2